Desarrollo de un manejador para el protocolo estándar DNP 3.0 (Nivel 1) en sistemas Scada

সংরক্ষণ করুন:
গ্রন্থ-পঞ্জীর বিবরন
প্রধান লেখক: Mora Sánchez, Alexander
বিন্যাস: গ্রন্থ
প্রকাশিত: San José, C.R. 1999
বিষয়গুলি:
ট্যাগগুলো: ট্যাগ যুক্ত করুন
কোনো ট্যাগ নেই, প্রথমজন হিসাবে ট্যাগ করুন!

MARC

LEADER 00000nam a2200000Ia 4500
003 008426
005 20221231144217.0
008 140114s1999 cr a m 000 ||s d
040 |c cru CEDI 
090 |a TFG 4007 
100 |a Mora Sánchez, Alexander  |9 8670 
245 |a Desarrollo de un manejador para el protocolo estándar DNP 3.0 (Nivel 1) en sistemas Scada 
260 |c 1999  |a  San José, C.R. 
300 |a  xii 63 páginas : ilustraciones  
500 |a Tesis (licenciatura en ingeniería eléctrica)--Universidad de Costa Rica. Facultad de Ingeniería. Escuela de Ingeniería eléctrica 
650 |x CONTROL AUTOMATICO   |x PROGRAMAS PARA COMPUTADORA   |x SENSORES REMOTOS   |x INTERFASES CON EL USUARIO (SISTEMA PARA COMPUTADORA)  |9 8671 
942 |c TFG 
999 |c 18488  |d 18488